Los emperadores de Rusia : (Record no. 28897)

MARC details
000 -LEADER
campo de control de longitud fija 00578nam a22002177a 4500
001 - NÚMERO DE CONTROL
campo de control 00028856
005 - FECHA Y HORA DE LA ÚLTIMA TRANSACCIÓN
campo de control 20260423161443.0
008 - DATOS DE LONGITUD FIJA--INFORMACIÓN GENERAL
campo de control de longitud fija 260423b ag ||||| |||| 00| 0 spa d
020 ## - NÚMERO INTERNACIONAL ESTÁNDAR DEL LIBRO
Número Internacional Estándar del Libro 8441308985
040 ## - FUENTE DE CATALOGACIÓN
Centro catalogador/agencia de origen AR-CcCEOS
Lengua de catalogación Español; Castellano
Centro/agencia transcriptor AR-CcCEOS
041 ## - CÓDIGO DE IDIOMA
Código de lengua del texto/banda sonora o título independiente Español; Castellano
080 ## - NÚMERO DE LA CLASIFICACIÓN DECIMAL UNIVERSAL
Número de la Clasificación Decimal Universal 94(47)
090 ## - LOCALMENTE ASIGNADO TIPO-LC NÚMERO DE CLASIFICACIÓN (OCLC); NÚMERO DE CLASIFICACIÓN LOCAL (RLIN)
Número cutter local (OCLC) ; Número de libro/Signatura topográfica íntegra, CALL (RLIN) AND
100 1# - ENTRADA PRINCIPAL--NOMBRE DE PERSONA
Nombre de persona Andrews, Peter
9 (RLIN) 1107
245 ## - MENCIÓN DEL TÍTULO
Título Los emperadores de Rusia :
Resto del título Volumen I /
Mención de responsabilidad, etc. Peter Andrews
264 ## - PRODUCCIÓN, PUBLICACIÓN, DISTRIBUCIÓN, FABRICACIÓN Y COPYRIGHT
Producción, publicación, distribución, fabricación y copyright Barcelona :
Nombre del de productor, editor, distribuidor, fabricante Folio,
Fecha de producción, publicación, distribución, fabricación o copyright c1998.
300 ## - DESCRIPCIÓN FÍSICA
Extensión 87 p. ;
Dimensiones 30x28 cm.
490 ## - MENCIÓN DE SERIE
Designación de volumen o secuencia Atlas culturales del mundo
655 #0 - TERMINO DE INDIZACIÓN--GENERO/FORMA
Datos o término principal de género/forma arte
9 (RLIN) 138
942 ## - ELEMENTOS DE ENTRADA SECUNDARIOS (KOHA)
Fuente de la clasificación o esquema de estantería Clasificación decimal universal
Tipo de ítem Koha Libros
Suprimir en OPAC No

No items available.